000 01152nam a2200301 i 4500
003 EG-GICUC
005 20260513211739.0
008 251211s1993 ua ||||fr|||| 00| 0 ara d
040 _a EG-GICUC
_bara
_c EG-GICUC
_d EG-GICUC
_erda
041 0 _aara
082 0 4 _221
_a343.5
_bع ف . ت
092 0 4 _221
099 _aLaw1 10 343.5 ع ف . ت 1 ed - 1993
100 0 _aفتوح عبدالله الشاذلى
_eمؤلف.
245 1 0 _aعلم الإجرام وعلم العقاب.
_nالجزء الأول،
_pعلم الأجرام /
_cدكتور فتوح عبدالله الشاذلى.
250 _aالطبعة الأولى
264 1 _a[مكان نشر غير محدد]:
_b[الناشر غير محدد]،
_c1993.
300 _a223 صفحة ؛
_c24 سم.
336 _2rda content
_atext
337 _2rda media
_aComputer
338 _2rda carrier
_aOnline Resource
546 _aالنص باللغة العربية
650 1 4 _aالقانون الجنائي الدولي
650 1 4 _aالقانون الجنائي
856 4 0 _uhttps://fll.law.cu.edu.eg/fulltext/bks/B10-07002.pdf
905 _a77
_eHassnaa
942 _2ddc
_cBK
_e21
_n0
999 _c49876
_d49876